Ветровете на Салем (Запис номер 177699)
[ съкратено ]
| 000 -Лидер | |
|---|---|
| Лидер | 01354nam a2200325 a 4500 |
| 003 - Код на организацията, давaща контролен номер | |
| Код на организацията, даваща контролен номер | BLK |
| 005 - Дата и час на последна редакция | |
| Дата и час на последна редакция | 20250623084029.0 |
| 008 - Елементи от данни с фиксирана дължина | |
| Елементи с фиксирана дължина | 180411b bul|||||r ||||||| ||bul|| |
| 020 ## - Международен стандартен номер на книга ISBN | |
| ISBN | 978-619-200-005-9 |
| 020 ## - Международен стандартен номер на книга ISBN | |
| ISBN | 9786192000059 |
| 040 ## - Източник на каталожния запис | |
| Код на библиотеката | BLK |
| 041 ## - Код за език | |
| Език | Български |
| Език за КДБФ | Български |
| 080 ## - УДК | |
| УДК текст | Американска литература (на САЩ) |
| УДК код | 821.111(73) |
| УДК – определител | -312.9 |
| УДК – код + определител | 821.111(73)-312.9 |
| 100 1# - Редна дума - Автор | |
| Автор | Де ла Круз, Мелиса |
| R(LIN) | 339422 |
| 245 10 - Сведения за заглавието | |
| Заглавие | Ветровете на Салем |
| Авторска отговорност | Мелиса Де ла Круз; прев. Виолина Димова; прев. Невена Янакиева. |
| 257 ## - Страна на издаване | |
| Страна на създаване/издаване | Съединени американски щати |
| 260 ## - Област на издателските данни | |
| Място на издаване | София |
| Име на издателя | Еклиптик |
| Година на издаване | 2014 |
| Печатница | София : Алианс принт |
| 300 ## - Физическа характеристика | |
| Брой страници | 312 с. |
| Размер | 21 см |
| 380 ## - Жанр | |
| Жанр | Худож. лит. |
| 490 ## - СЕРИИ (Колекции) | |
| Серия | Семейство Бошан |
| Номер в серията | кн. 3 |
| 500 ## - Общи забележки | |
| Обща забележка | Ориг. загл.: Winds of Salem / Melissa de la Cruz. - Кн. 3 от Семейство Бошан |
| 700 1# - Други автори (авторска отговорност) | |
| Друг автор | Димова, Виолина Димитрова |
| Авт. отговорност на др. автор | прев. |
| 9 (RLIN) | 341126 |
| 700 1# - Други автори (авторска отговорност) | |
| Друг автор | Янакиева, Невена |
| Авт. отговорност на др. автор | прев. |
| 9 (RLIN) | 341127 |
| 852 ## - Местоположение | |
| Сигнатура (форматна) | Цб 279423 |
| Отдел | Хранилище |
| 852 ## - Местоположение | |
| Отдел | Заемна - подръчен фонд |
| Систематично-азбучна сигнатура | 821-31/Д 30 М |
| 856 4# - Електронен адрес и достъп | |
| Електронен формат | pdf - файл |
| 942 ## - АРТИКУЛИ | |
| Вид на библиотечния документ | Книги |
| Скрит в OPAC | Не |
| Koha issues (borrowed), all copies | 1 |
| 944 ## - СЪЗДАВАНЕ И РЕДАКЦИЯ на ЗАПИСА | |
| Създаване/Редакция | Създаване |
| Дата на регистрацията/редакция | 10.02.2016 |
| Служител, извършил регистрацията/редакцията | 30530 |
| Номер на служител | Минев Младен |
| 999 ## - СИСТЕМНИ КОНТРОЛНИ НОМЕРА | |
| Koha biblionumber | 177699 |
| Koha biblioitemnumber | 177699 |
| Код за отписване | Код за изгубен артикул | Код за повреда | Коз за рестрикции | Код за отдаване | Артикулен № | Име на библиотеката - собственик | Име на библиотеката, в която се намира в момента | Статус (Текущо местоположение) | Дата на вписване в системата | Местоположение - отдел | Цена в лева | Инвентарен номер | Систематично азбучна сигнатура | Баркод | Номер на екземпляра | Цена в евро | Служебна бележка | Служебен тип на артикула | Източник на класификационната схема |
|---|---|---|---|---|---|---|---|---|---|---|---|---|---|---|---|---|---|---|---|
| Не е изгубен | Не е повреден | без рестрикции | ползва се в читалня | 305278 | Регионална библиотека "Любен Каравелов" Русе | Регионална библиотека "Любен Каравелов" Русе | Хранилище | 2016-02-12 | Хранилище | 15.99 | 120000797709 | Цб 279423 | 120000797709 | 1 | 8.18 | Дост: Dp Вид: Д N: 4 Дата: 15.01.2016 | Книги | ||
| Не е изгубен | Не е повреден | заемане за дома | 944100 | Регионална библиотека "Любен Каравелов" Русе | Регионална библиотека "Любен Каравелов" Русе | Заемна - подръчен фонд | 2024-06-13 | Заемна - подръчен фонд | 15.99 | 120000909210 | 821-31/Д 30 М | 120000909210 | 8.18 | Книги | Universal Decimal Classification |